000 00493nam a2200181Ia 4500
001 4871
005 20260306145826.0
008 260306t2014||||xx |||||||||||||| ||spa||
041 _aESP
082 _a330.985
_bP78
100 _aPortocarrero Suárez, Felipe
_eAUT
245 0 _aGrandes fortunas en el Perú:
_b1916-1960: riqueza y filantropía en la élite económica
260 _c2014
300 _a458 páginas :
_c23 cm.
650 _aGEN
654 _aCAN
942 _cLIB
_dJUS
_fJUS
_2ddc
_n
999 _c4871
_d4871